| 000 | 00542cam a2200181 a 4500 | ||
|---|---|---|---|
| 001 | 000018441 | ||
| 005 | 20200929165817.0 | ||
| 008 | 890630s1983 pr 000 0 spa d | ||
| 040 |
_aDO-SdBNP _bspa _cLC _dBNPHU |
||
| 050 | 0 | 0 | _aMLCS 89/05569 (P) |
| 082 |
_ann* _bC322m |
||
| 100 | 1 |
_aCartañá, Luis. _99174 |
|
| 245 | 1 | 3 |
_aLa mandarina y el fuego / _cLuis Cartañá. |
| 260 |
_aMayagüez, P. R. : _bColección de Poesía, Jardín de Espejos, _c1983. |
||
| 300 |
_a47 p. ; _c21 cm. |
||
| 910 | _aCatalogación derivada / LC | ||
| 049 | _aBNGR | ||
| 999 |
_c17961 _d17961 |
||